[Event "TUR Cup"]
[Site "Denizli"]
[Date "2023.07.19"]
[Round "5"]
[White "Sahin, Mirac Nur"]
[Black "Temel, Burcu Melis"]
[Result "0-1"]
[WhiteElo "1320"]
[BlackElo "1749"]
[PlyCount "102"]
[EventDate "2023.07.16"]
[EventType "team-tourn"]
[EventRounds "9"]
[EventCountry "TUR"]
[SourceTitle "CBM 215 Extra"]
[Source "ChessBase"]
[SourceDate "2023.09.30"]
[SourceVersion "1"]
[SourceVersionDate "2023.09.30"]
[SourceQuality "1"]

1. e4 Nf6 2. e5 Nd5 3. Nc3 Nb6 4. d4 d6 5. Be3 Nc6 6. f4 e6 7. Qf3 dxe5 8. 0-0-0 Bb4 9. d5 Nd4 10. Qh5 Qe7 11. Qxe5 Bxc3 12. bxc3 Nf5 13. Bb5+ Kf8 14. Nf3 Nxe3 15. Qxe3 Nxd5 16. Qe5 Qa3+ 17. Kd2 Qd6 18. Kc1 Qxe5 19. Nxe5 Ke7 20. c4 Nc3 21. Rd2 f6 22. Nf3 a6 23. Kb2 Ne4 24. Re2 Nc5 25. f5 axb5 26. cxb5 Rd8 27. h4 Rd5 28. fxe6 Na4+ 29. Kc1 Nc3 30. Re3 Nxa2+ 31. Kb2 Rxb5+ 32. Rb3 Rxb3+ 33. cxb3 Nb4 34. Kc3 Nd5+ 35. Kd4 c6 36. Re1 Ra2 37. h5 Rxg2 38. Kc5 Nf4 39. Nd4 Nd3+ 40. Kb6 Nxe1 41. Nf5+ Kxe6 42. Nxg7+ Rxg7 43. h6 Rg6 44. b4 f5 45. b5 f4 46. bxc6 bxc6 47. Kc7 f3 48. Kb6 f2 49. Kc7 f1Q 50. Kd8 Qf7 51. Kxc8 Rg8# 0-1

[Event "TUR-ch U13/18 Girls"]
[Site "Antalya"]
[Date "2023.01.28"]
[Round "9"]
[White "Sahin, Mirac Nur"]
[Black "Gunasti, Latife Yade"]
[Result "1/2-1/2"]
[WhiteElo "1260"]
[BlackElo "1398"]
[PlyCount "55"]
[EventDate "2023.01.17"]
[EventType "swiss"]
[EventRounds "9"]
[EventCountry "TUR"]
[SourceTitle "EXT 2024"]
[Source "ChessBase"]
[SourceDate "2023.10.10"]
[SourceVersion "1"]
[SourceVersionDate "2023.10.10"]
[SourceQuality "1"]

1. e4 g6 2. d4 Bg7 3. Nc3 d6 4. Be3 Nc6 5. Qd2 e5 6. Nge2 Nge7 7. f3 0-0 8. g4 exd4 9. Nxd4 Ne5 10. Be2 c6 11. 0-0-0 d5 12. h4 dxe4 13. Nxe4 Nd5 14. Bh6 Nf6 15. Bxg7 Kxg7 16. h5 Nxe4 17. fxe4 Qe7 18. hxg6 fxg6 19. Qh6+ Kg8 20. Nf5 Bxf5 21. gxf5 Qg7 22. Qh3 Rad8 23. Rxd8 Rxd8 24. f6 Qf7 25. Qh2 Re8 26. Qh6 b5 27. b3 Nd7 28. Rf1 1/2-1/2

[Event "TUR-ch U13/18 Girls"]
[Site "Antalya"]
[Date "2023.01.27"]
[Round "8"]
[White "Oztatar, Meleknaz"]
[Black "Sahin, Mirac Nur"]
[Result "0-1"]
[WhiteElo "1209"]
[BlackElo "1260"]
[PlyCount "87"]
[EventDate "2023.01.17"]
[EventType "swiss"]
[EventRounds "9"]
[EventCountry "TUR"]
[SourceTitle "EXT 2024"]
[Source "ChessBase"]
[SourceDate "2023.10.10"]
[SourceVersion "1"]
[SourceVersionDate "2023.10.10"]
[SourceQuality "1"]

1. d4 Nf6 2. c4 e6 3. Nc3 d5 4. cxd5 exd5 5. Bg5 Be7 6. e3 Be6 7. Qc2 Nbd7 8. Bd3 a6 9. Nge2 Rc8 10. 0-0 0-0 11. Nf4 c5 12. Bf5 Bxf5 13. Qxf5 cxd4 14. Bxf6 Bxf6 15. Ncxd5 dxe3 16. fxe3 g6 17. Qg4 Ne5 18. Nxf6+ Qxf6 19. Qg3 Qg7 20. Nd5 f5 21. Nf4 Rce8 22. Rac1 Ng4 23. Nd5 Qe5 24. Qxe5 Rxe5 25. h3 Nxe3 26. Nxe3 Rxe3 27. Rc7 Re2 28. Rf2 Rxf2 29. Kxf2 Rf7 30. Rxf7 Kxf7 31. h4 h6 32. Kf3 g5 33. g3 gxh4 34. gxh4 Kf6 35. Kf4 b6 36. h5 Ke6 37. b3 b5 38. b4 Kf6 39. a3 Ke6 40. Kf3 Ke5 41. Ke3 f4+ 42. Kf2 Ke4 43. Ke2 Kf5 44. Kf3 0-1